000 00300nam a2200109Ia 4500
008 171211s9999 xx 000 0 und d
245 _aDNS and BIND on IPv6
245 _cCricket Liu
260 _c2011
650 _xIT eBOOKS
856 _uhttp://down.ebook777.com/020/DNS%20and%20BIND%20on%20IPv6.pdf
999 _c349871
_d349871